000 00673nam a2200217 i 4500
001 146402
003 ES-MaACL
005 20250728181204.0
007 t|
008 070907s1957 sp ||||1| spa d
100 1 _aTrese, Leo John.
_9111326
245 1 3 _aEl pastor de su rebaño /
_cLeo John Trese ; prólogo del R. P. Félix García.
260 _aMadrid :
_bEl Pez,
_c1957 (
_fTall. Gráf. de La Normal)
300 _a213 p. ;
_c17 cm.
490 1 _aDías de Dios ;
_v4
650 0 0 _aSacerdotes.
_916959
700 1 _aGarcía, Félix,
_d1897-1983
_9172116
830 1 _aDías de Dios ;
_v4
_9220837
852 _aES-MaACL
_jC-12479
999 _c146402
_d146402